000 00333nam a2200145Ia 4500
008 230718s9999 xx 000 0 und d
041 _aEng.
082 _a340
_bSEE-P
100 _aSeeed, Malik M ted)
245 0 _aP. L.D (1876)
260 _aPakistan
_bAll Palcistan legal
_c1976
300 _a184
650 _aLaw
999 _c26990
_d26990